| 000 | 00974nam a2200277Ia 4500 | ||
|---|---|---|---|
| 005 | 20211110133332.0 | ||
| 008 | 130821s2010 sp ao gr spa | ||
| 020 | _a9788480862981 | ||
| 040 |
_aCo-BoUCM _bspa _c[Nuevo] _dAldemar Mondragón (modificó) |
||
| 041 | 0 | 0 | _aspa |
| 060 | _aWF 140 | ||
| 245 | 0 | 0 |
_aNeumología clínica _cJosé Luis Álvarez-Sala Walther...[y otros]. |
| 260 |
_aBarcelona (España) _bElsevier _c2010 |
||
| 300 |
_axx, 884 páginas _bilustraciones, gráficas, fotografías |
||
| 650 | 0 | 4 |
_aEnfermedades respiratorias _914457 |
| 650 | 0 | 4 |
_aNeumología _920263 |
| 650 | 0 | 4 |
_aPulmones _922940 |
| 650 | 0 | 4 |
_aTerapia respiratoria _925394 |
| 650 | 0 | 4 |
_aTórax _925528 |
| 700 | 1 |
_aÁlvarez-Sala Walther, José Luis. _961074 |
|
| 700 | 1 |
_aCasan Clarà, P. _961075 |
|
| 700 | 1 |
_aRodríguez de Castro, F. _961076 |
|
| 700 | 1 |
_aRodríguez Hermosa, J.L. _961077 |
|
| 700 | 1 |
_aVillena Garrido, V. _961078 |
|
| 942 |
_cLIBRO _2NLM _a15 _e1 _hWF 140 _mN493 |
||
| 999 |
_c39120 _d39120 |
||